| 000 | 00846nam a2200193 i 4500 | ||
|---|---|---|---|
| 001 | 187868 | ||
| 003 | ES-MaACL | ||
| 005 | 20230906223040.0 | ||
| 008 | 180319s1899 xxk |||| | eng d | ||
| 110 | 0 |
_aGran Bretaña. _bForeign Office. _94480 |
|
| 245 | 1 | 0 |
_aBelgium _b: report for the year 1898 on the trade and commerce of Ghent : reference to previous report, annual series nº 2087 / presented to both Houses of Parliament by command of Her Majesty, march 1899. |
| 260 |
_aLondon : _bForeing Office, _c1899. |
||
| 300 |
_a9 p. ; _c25 cm. |
||
| 490 | 1 |
_aDiplomatic and consular reports. Annual series ; _v2212 |
|
| 651 | 4 |
_aBélgica- _xComercio exterior. _9164402 |
|
| 830 | 0 |
_aDiplomatic and consular reports. Annual series ; _v2212 _9192842 |
|
| 852 |
_aES-MaACL _jT-952-F-7 _z.- Legado de González del Campillo |
||
| 999 |
_c187868 _d187868 |
||